000 02453nam a2200421 c 4500
003 BLK
005 20231028150629.0
008 180409b bul|||||r ||||||| ||bul||
010 _aKNG00113410000
020 _a954-305-079-1
_bиздат.: Кота - на том(ч. 1)
040 _aBLK
041 _aBUL
_cBUL
080 _aТуризмът от стопанско гледище. Политика по отношение на туризма. Икономика и организация на туризма. Вътрешен и международен туризъм. Вж и 379.8
_b338.48
_x(075.8)
_z338.48(075.8)
080 _aСоциална география. Икономическа география. География на туризма
_b338:91
_x(075.8)
_z338:91(075.8)
100 1 _aАлексиева, Йорданка Николова
_eпърви автор
_9370586
700 1 _aСтамов, Стамен Николов
_eсъавт.
_9370587
139 _aАлексиева, Йорданка Николова и др.
_bА 52
245 1 0 _aСпециализирани видове туризъм
_bЧ. 1 -
_cЙорданка Николова Алексиева; съавт. Стамен Николов Стамов.
_nЧ. 1
_pЛечебен, религиозен, ловен, спортен и екологичен туризъм
257 _aBGR
260 Ст. Загора
_c2003 -
300 _c23 см
380 _a3
650 4 _aСтопански туризъм - икономика и организация - учебни помагала
_9297849
650 4 _aТуризъм, международен - икономика и организация
_9248420
653 _aлечебен туризъм
653 _aрелигиозен туризъм
653 _aловен туризъм
653 _aтуризъм
653 _aекотуризъм
653 _aучебни помагала
760 1 _3- на том(ч. 1)
_aАлексиева, Йорданка Николова
_dКота, 2003
_h398 с. : с ил., табл., к.
_nНа кор. местоизд. Пловдив
_tЧ. 1 Лечебен, религиозен, ловен, спортен и екологичен туризъм
852 _aЦб 219809
856 4 _qpdf
_u
856 4 _qpdf
_u
942 _cKNG
_n0
_04
944 _aCR
_c04.06.2004
_k30575
_lМартин Енчев
944 _aED
_c21.11.2012
_k
999 _c108112
_d108112